Manual de construcción bituminosa
Enregistré dans:
| Collectivité auteur: | |
|---|---|
| Format: | Livre |
| Langue: | espagnol |
| Publié: |
Chicago
Barber-Greene
1963
|
| Sujets: | |
| Tags: |
Ajouter un tag
Pas de tags, Soyez le premier à ajouter un tag!
|
MARC
| LEADER | 00000nam a2200000 a 4500 | ||
|---|---|---|---|
| 001 | UCU6280 | ||
| 003 | CL-VaPUC | ||
| 008 | 960614e19630000US |||||||||||||||||spa|d | ||
| 082 | 0 | 4 | |a 625.85 |b BAR |2 21 |
| 110 | 2 | |a Barber-Greene |e author |9 364478 | |
| 245 | 1 | 0 | |a Manual de construcción bituminosa |
| 300 | |a 355 p | ||
| 942 | |c BK | ||
| 945 | |d 19960614 00:00:00 |a paguirre | ||
| 260 | |a Chicago |b Barber-Greene |c 1963 | ||
| 650 | 0 | |a Pavimentos |9 258061 | |
| 650 | 7 | |a CALLES |2 CL-VaPUC |9 364295 | |
| 650 | 0 | |a Carreteras |9 260132 | |
| 650 | 0 | |a Construcción de carreteras |9 260999 | |
| 650 | 7 | |a MATERIALES BITUMINOSOS |2 CL-VaPUC |9 364479 | |
| 650 | 0 | |a Asfalto |9 262568 | |
| 583 | |a last modification |c 19960614 00:00:00 |k Rodrigo Vera | ||
| 999 | |c 249282 |d 249280 | ||
| 952 | |0 0 |1 0 |4 0 |6 625_850000000000000_BAR_1963 |7 0 |8 A |9 266459 |a BIBING |b BIBING |d 2019-11-19 |i 1685929 |o 625.85 BAR 1963 |p 1685929 |r 2025-01-20 |w 2019-11-19 |y BK |k CCL | ||
| 952 | |0 0 |1 0 |4 0 |6 625_850000000000000_BAR_1963 |7 0 |8 A |9 266460 |a BIBING |b BIBING |d 2019-11-19 |i 1685317 |o 625.85 BAR 1963 |p 1685317 |r 2025-01-20 |w 2019-11-19 |y BK |k CCL | ||